Decadencia de la sabiduría

Furkejuvvon:
Bibliográfalaš dieđut
Váldodahkki: Marcel, Gabriel (autor)
Materiálatiipa: Girji
Giella:espánnjágiella
Almmustuhtton: Buenos Aires EMECE 1955
Ráidu:Cuadernos de Ensayos
Fáttát:
Fáddágilkorat: Lasit fáddágilkoriid
Eai fáddágilkorat, Lasit vuosttaš fáddágilkora!

MARC

LEADER 00000cam a2200000 a 4500
001 UCZ2563
003 CL-VaPUC
008 951005e19550000AG |||||||||||||||||spa|d
082 0 4 |a 144  |b MAR  |2 21 
100 |a Marcel, Gabriel  |e autor  |9 334886 
245 1 0 |a Decadencia de la sabiduría 
300 |a 111 p 
942 |c BK 
945 |d 19951005 00:00:00  |a cmena 
260 |a Buenos Aires  |b EMECE  |c 1955 
650 0 |a Humanismo  |9 256530 
650 0 |a Naturaleza humana   |9 308593 
650 0 |a Industrialización  |9 263687 
650 0 |a Desarrollo industrial  |9 322675 
650 0 |a Sociología   |9 255410 
583 |a last modification  |c 20181024 16:38:01  |k Rodrigo Vera 
490 0 |a Cuadernos de Ensayos 
999 |c 239138  |d 239136 
952 |0 0  |1 0  |3 erb  |4 0  |6 144_000000000000000_MAR_1955  |7 0  |8 A  |9 249990  |a BIBHIS  |b BIBHIS  |d 2019-11-18  |i 5002141  |o 144 MAR 1955  |p 5002141  |r 2025-01-20  |w 2019-11-18  |y BK  |z Catalogado en:20130829  |k HIS